|
|
|
|
| LEADER |
00000nam0a2200000 4500 |
| 001 |
254712 |
| 005 |
20231031214933.0 |
| 010 |
|
|
|a 5060005585
|
| 020 |
|
|
|a RU
|b 89-34991
|
| 035 |
|
|
|a (RuTPU)RU\TPU\book\277200
|
| 090 |
|
|
|a 254712
|
| 100 |
|
|
|a 20140324d1989 m a0rusy5003 ca
|
| 101 |
0 |
|
|a rus
|
| 102 |
|
|
|a RU
|
| 105 |
|
|
|a a j 001zy
|
| 200 |
1 |
|
|a Микрокалькуляторы в курсе математики
|e сборник задач
|e учебное пособие для средних специальных учебных заведений
|f Е. Д. Куланин, Н. Н. Лемешко, В. Л. Шамшурин
|
| 210 |
|
|
|a Москва
|c Высшая школа
|d 1989
|
| 215 |
|
|
|a 172 с.
|c ил.
|
| 333 |
|
|
|a Исключено из фонда НТБ ТПУ
|
| 700 |
|
1 |
|a Куланин
|b Е. Д.
|g Евгений Дмитриевич
|
| 701 |
|
1 |
|a Лемешко
|b Н. Н.
|g Николай Николаевич
|
| 701 |
|
1 |
|a Шамшурин
|b В. Л.
|g Владимир Леонидович
|
| 801 |
|
0 |
|a RU
|b RuMRKP
|c 19950417
|g psbo
|
| 801 |
|
1 |
|a RU
|b 63413507
|c 20140324
|
| 801 |
|
2 |
|a RU
|b 63413507
|c 20220413
|g RCR
|
| 942 |
|
|
|c BK
|